Carta de l'usuari
Descripción Física:
1 tríptic ; 31 x 10 plegat 10 x 10 cm
MARC
| LEADER | 00000nam a2200000Ia 4500 | ||
|---|---|---|---|
| 001 | 24230 | ||
| 008 | 160829s9999 xx 000 0 cat d | ||
| 080 | |a FU-64-100 | ||
| 245 | |a Carta de l'usuari | ||
| 260 | |a Barcelona : |b Diputació de Barcelona. Àrea de Cultura. Servei de Biblioteques, DL 2000 | ||
| 300 | |a 1 tríptic ; |c 31 x 10 plegat 10 x 10 cm | ||
| 650 | 0 | |a Biblioteques públiques |x Barcelona (Catalunya : Província) |9 49209 | |
| 710 | |a Barcelona (Catalunya : Província). |b Servei de Biblioteques |9 4217 | ||
| 901 | |a Arxiu | ||
| 942 | |n 1 |2 udc | ||
| 952 | |0 0 |1 0 |4 0 |6 FU64100 |7 1 |9 55393 |a Arxiu |b Arxiu |d 2016-12-01 |l 0 |o FU-64-100 |p 24230 |r 2016-12-01 00:00:00 |w 2016-12-01 |y ARXIU | ||
| 999 | |c 59266 |d 59266 | ||